000 00348 a2200157 4500
001 168214
020 _a
040 _cMagnum
100 _aMachado, Marina Marcondes
240 1 0 _aO brinquedo-sucata e a crianca
_lpor
245 1 0 _aO brinquedo-sucata e a crianca
362 0 _a1899
440 1 _aLoyola
697 _aPSICOLOGIA
942 _cBK
999 _c168214
_d168214